| 000 | 00864cam a2200241 i 4500 | ||
|---|---|---|---|
| 003 | SA-RiAUC | ||
| 005 | 20251106091323.0 | ||
| 008 | 251028s1951 ua g 000 0 ara c | ||
| 040 |
_aSA-JeALM _bara _cSA-RiAUC _erda |
||
| 082 | 0 | 4 | _a253.4 |
| 090 |
_a253.4 _bد ر ا |
||
| 100 | 1 |
_aدراز، محمد عبد الله، _d1894-1958 _eمؤلف. |
|
| 245 | 1 | 2 |
_aالربا في نظر القانون الإسلامي / _cمحمد عبد الله دراز. |
| 264 | 3 |
_aالقاهرة : _bمطبعة الأزهر _c1951 |
|
| 300 |
_a38 صفحة؛ _c23 سم. |
||
| 336 |
_aنص _btxt _2rdacontent _3كتاب |
||
| 337 |
_aبدون وسيط _bn _2rdamedia |
||
| 338 |
_aمجلد _bnc _2rdacarrier |
||
| 650 | 7 |
_aالربا _2aucsh |
|
| 650 | 7 |
_aالمعاملات (فقه إسلامي). _2aucsh |
|
| 942 |
_2ddc _cBOOK _n0 |
||
| 949 |
_aSA-JeALM _d251028 _umohamedma123 _n1 |
||
| 999 |
_c13064 _d13064 |
||